000 00344 a2200109 4500
001 ART_43361
005 20260410161953.0
008 260409a
245 1 0 _aEl delito de balance falso (art. 300, inc. 3), CP)
100 1 _aChiappini, Julio O.
773 0 _tTemas de derecho comercial
_g- Año 3, Nº 8 (ago. 2017)
_wREV28151
999 _c30551
_d30551